000 00509cam a22001454a 4500
020 _a9781844077762 (hardback)
020 _a1844077764 (hardback)
050 0 0 _aS494.5.A43
_bA46 2010
245 0 0 _aAgriculture, biodiversity and markets :
_blivelihoods and agroecology in comparative perspective /
_cedited by Stewart Lockie and David Carpenter.
260 _aLondon ;
_aWashington, DC :
_bEarthscan,
_c2010.
300 _axvi, 318 p. :
700 1 _aLockie, Stewart.
700 1 _aCarpenter, David.
942 _cGEN
999 _c1361
_d1361